000 00631cam a22002293a 4500
001 22097
003 PGUSA
005 20140828083454.0
008 070718s2007||||xxu|||||s|||||000 | eng d
040 _aPGUSA
_beng
042 _adc
050 4 _aDS
100 1 _aFinn, James,
_d-1872
245 1 0 _aByeways in Palestine
_h[electronic resource] /
_cJames Finn
260 _bProject Gutenberg,
_c2007
506 _aPublic domain in the USA.
516 _aElectronic text
653 _aPalestine -- Description and travel
830 0 _aProject Gutenberg
_v22097
856 4 0 _uhttp://www.gutenberg.org/ebooks/22097
942 _cEB
999 _c251352
_d251352